Library Banner

Knowledge its values and limits/ (Record no. 101786)

MARC details
000 -LEADER
fixed length control field 00396nam a22001457a 4500
005 - DATE AND TIME OF LATEST TRANSACTION
control field 20180118092810.0
008 - FIXED-LENGTH DATA ELEMENTS--GENERAL INFORMATION
fixed length control field 180118b xxu||||| |||| 00| 0 eng d
040 ## - CATALOGING SOURCE
Transcribing agency PK-LaUMT
082 ## - DEWEY DECIMAL CLASSIFICATION NUMBER
Classification number PKAC 121
Item number WEI-K
100 ## - MAIN ENTRY--PERSONAL NAME
Personal name Weigel , Gustave
245 ## - TITLE STATEMENT
Title Knowledge its values and limits/
Statement of responsibility, etc Gustave Weigel and Arthur G. Madden
260 ## - PUBLICATION, DISTRIBUTION, ETC. (IMPRINT)
Place of publication, distribution, etc [ ]
Name of publisher, distributor, etc Prentice-Hall,
Date of publication, distribution, etc 1961
300 ## - PHYSICAL DESCRIPTION
Extent 118
942 ## - ADDED ENTRY ELEMENTS (KOHA)
Koha item type Books
Holdings
Withdrawn status Lost status Damaged status Home library Current library Date acquired Full call number Barcode Date last seen Price effective from Koha item type
      UMT Main Campus UMT Main Campus 2018-01-18 PKAC 121 WEI-K 117761 2018-01-18 2018-01-18 Books